Unusual/Little Known Animals by Picture 3 Quiz Stats

 Plays Quiz not verified by Sporcle

Score 0/20 Timer 15:00
0 Plays Today
% Correct
Kiwi
87.6%
Duckbill Platypus
65.2%
Ratel
45.3%
Secretary Bird
23.9%
Resplendent Quetzal
21.9%
Orchid Mantis
21.4%
Kakapo
19.4%
Glass Frog
17.4%
Hoatzin
14.9%
Mouse-deer
14.4%
% Correct
Babirusa
14.4%
Quoll
12.9%
Bilby
10.4%
Tibetan Fox
10%
Southern Cassowary
8.5%
Common Myna
8.5%
Ghost Bat
8%
Civet
6%
Island Fox
6%
Solenodon
5.5%

You're not logged in!

Compare scores with friends on all Sporcle quizzes.
OR
Log In

Show Comments

Extras

Top Quizzes Today


Score Distribution

Your Account Isn't Verified!

In order to create a playlist on Sporcle, you need to verify the email address you used during registration. Go to your Sporcle Settings to finish the process.

Report this User

Report this user for behavior that violates our Community Guidelines.

Details: